All Lupe Fiasco Songs - Statistics

General Stats
  • This quiz has been taken 44 times
    39 since last reset
  • The average score is 61 of 223
Answer Stats
Album Song % Correct
Lupe Fiasco's Food & Liquor Kick, Push
85%
Tetsuo & Youth Mural
81%
Lupe Fiasco's Food & Liquor The Cool
73%
Lupe Fiasco's Food & Liquor Kick, Push II
69%
Drill Music in Zion DRILL MUSIC IN ZION
65%
Lupe Fiasco's The Cool Superstar
65%
Pharaoh Height 2/30 In
62%
Drill Music in Zion MS. MURAL
62%
Lupe Fiasco's Food & Liquor Outro
62%
Lasers The Show Goes On
62%
Enemy of the State: A Love Story | Fahrenheit 1/15, Part 1: The Truth Is Among Us | Lupe Fiasco's Food & Liquor Intro
58%
DROGAS Wave Mural Jr.
58%
Lupe Fiasco's Food & Liquor The Instrumental
58%
Lupe Fiasco's Food & Liquor American Terrorist
54%
Lupe Fiasco's Food & Liquor Daydreamin'
54%
Lupe Fiasco's Food & Liquor He Say, She Say
54%
Lupe Fiasco's The Cool Paris, Tokyo
54%
Enemy of the State: A Love Story The One
54%
DROGAS Wave WAV Files
54%
Tetsuo & Youth Adoration of the Magi
50%
Tetsuo & Youth Fall
50%
Lupe Fiasco's The Cool Go Go Gadget Flow
50%
Lupe Fiasco's Food & Liquor Hurt Me Soul
50%
Lupe Fiasco's Food & Liquor Just Might Be O.K.
50%
Tetsuo & Youth Prisoner 1 & 2
50%
Lupe Fiasco's Food & Liquor Real
50%
Tetsuo & Youth Spring
50%
Tetsuo & Youth Summer
50%
Lupe Fiasco's Food & Liquor Sunshine
50%
Lupe Fiasco's The Cool The Coolest
50%
Tetsuo & Youth Winter
50%
Tetsuo & Youth Deliver
46%
Tetsuo & Youth Dots & Lines
46%
DROGAS Wave Drogas
46%
Drill Music in Zion GHOTI
46%
Lupe Fiasco's The Cool Gold Watch
46%
Lupe Fiasco's The Cool Hi-Definition
46%
Lupe Fiasco's The Cool Hip-Hop Saved My Life
46%
Lupe Fiasco's Food & Liquor Pressure
46%
Food & Liquor II: The Great American Rap Album Pt. 1 Around My Way (Freedom Ain't Free)
42%
Drill Music in Zion AUTOBOTO
42%
Tetsuo & Youth Blur My Hands
42%
Tetsuo & Youth Chopper
42%
Lupe Fiasco's Food & Liquor I Gotcha
42%
Lupe Fiasco's The Cool Intruder Alert
42%
Lupe Fiasco's The Cool Little Weapon
42%
Drill Music in Zion ON FAUX NEM
42%
Drill Music in Zion SEATTLE
42%
Lupe Fiasco's The Cool Streets on Fire
42%
Lupe Fiasco's Food & Liquor The Emperor's Soundtrack
42%
Tetsuo & Youth They. Resurrect. Over. New.
42%
DROGAS Wave Alan Forever
38%
Lasers All Black Everything
38%
Tetsuo & Youth Body of Work
38%
Lupe Fiasco's The Cool Go Baby
38%
Drill Music in Zion KIOSK
38%
Tetsuo & Youth Madonna (And Other Mothers in the Hood)
38%
DROGAS Wave Manilla
38%
Drill Music in Zion NAOMI
38%
Lupe Fiasco's The Cool The Die
38%
Drill Music in Zion THE LION'S DEN
38%
Food & Liquor II: The Great American Rap Album Pt. 1 Battle Scars
35%
Food & Liquor II: The Great American Rap Album Pt. 1 B***h Bad
35%
HOUSE DINOSAURS
35%
Lupe Fiasco's The Cool Fighters
35%
DROGAS Wave Gold vs. the Right Things to Do
35%
Lupe Fiasco's The Cool Hello / Goodbye (Uncool)
35%
DROGAS Light Jump
35%
DROGAS Wave King Nas
35%
Tetsuo & Youth Little Death
35%
Lupe Fiasco's The Cool Put You on Game
35%
Lasers Words I Never Said
35%
Lupe Fiasco's The Cool Baba Says Cool for Thought
31%
Lupe Fiasco's The Cool Dumb It Down
31%
Lupe Fiasco's The Cool Gotta Eat
31%
DROGAS Wave Jonylah Forever
31%
Food & Liquor II: The Great American Rap Album Pt. 1 Lamborghini Angels
31%
Tetsuo & Youth No Scratches
31%
Drill Music in Zion PRECIOUS THINGS
31%
DROGAS Wave Stack That Cheese
31%
DROGAS Wave Sun God Sam & the California Drug Deals
31%
Lasers Beautiful Lasers (2 Way)
27%
DROGAS Wave Cripple
27%
Lupe Fiasco's The Cool Free Chilly
27%
Lost in the Atlantic Haile Selassie
27%
Food & Liquor II: The Great American Rap Album Pt. 1 ITAL (Roses)
27%
Lasers Letting Go
27%
Lasers Out of My Head
27%
DROGAS Wave Quotations from Chairman Fred
27%
DROGAS Wave Slave Ship (Interlude)
27%
DROGAS Wave Stronger
27%
Lasers Till I Get There
27%
DROGAS Light Tranquillo
27%
Lupe Fiasco's Food & Liquor What It Do
27%
DROGAS Wave XO
27%
Friend of the People: I Fight Evil Double Burger with Cheese
23%
DROGAS Wave Down
23%
Fahrenheit 1/15, Part 1: The Truth Is Among Us Failure
23%
DROGAS Wave Happy Timbuck2 Day
23%
DROGAS Wave Kingdom
23%
HOUSE LF95
23%
Fahrenheit 1/15, Part II: Revenge of the Nerds Lupe the Killer
23%
Single Old School Love
23%
Lasers State Run Radio
23%
Lupe Fiasco's Food & Liquor Tilted
23%
Lupe Fiasco's Food & Liquor Carrera Lu
19%
Fahrenheit 1/15, Part II: Revenge of the Nerds Conflict Diamonds
19%
DROGAS Light Dopamine Lit (Intro)
19%
Fahrenheit 1/15, Part II: Revenge of the Nerds Glory
19%
HOUSE HOMME MADE
19%
Lasers I Don't Wanna Care Right Now
19%
DROGAS Wave Imagine
19%
Lasers I'm Beamin'
19%
Fahrenheit 1/15, Part II: Revenge of the Nerds Jedi Mind Tricks
19%
DROGAS Light Kill
19%
Pharaoh Height 2/30 Kings
19%
Fahrenheit 1/15, Part II: Revenge of the Nerds Much More
19%
Lasers Never Forget You
19%
Single #3 Next to It
19%
Fahrenheit 1/15, Part II: Revenge of the Nerds Outty 5000
19%
Enemy of the State: A Love Story Say Somethin
19%
Lasers Shining Down
19%
HOUSE SHOES
19%
Friend of the People: I Fight Evil SLR (Super Lupe Rap)
19%
Fahrenheit 1/15, Part II: Revenge of the Nerds Switch (The Science Project)
19%
Lupe Fiasco's Food & Liquor Theme Music to a Drive-By
19%
Fahrenheit 1/15, Part III: A Rhyming Ape A Bathing Harry
15%
Enemy of the State: A Love Story Angels
15%
Food & Liquor II: The Great American Rap Album Pt. 1 Audubon Ballroom
15%
Fahrenheit 1/15, Part 1: The Truth Is Among Us Boss Playa
15%
Fahrenheit 1/15, Part II: Revenge of the Nerds Clean
15%
Food & Liquor II: The Great American Rap Album Pt. 1 Cold War
15%
Fahrenheit 1/15, Part 1: The Truth Is Among Us Coming from Where I'm From
15%
Lasers Coming Up
15%
Fahrenheit 1/15, Part II: Revenge of the Nerds Didn't U Know
15%
Fahrenheit 1/15, Part II: Revenge of the Nerds Don't Get It Twisted
15%
DROGAS Wave Don't Mess Up the Children (Interlude)
15%
Fahrenheit 1/15, Part II: Revenge of the Nerds Fast Money
15%
Fahrenheit 1/15, Part III: A Rhyming Ape FNF Army Invades
15%
Fahrenheit 1/15, Part II: Revenge of the Nerds Freestyle
15%
Food & Liquor II: The Great American Rap Album Pt. 1 Go to Sleep
15%
Fahrenheit 1/15, Part II: Revenge of the Nerds Handcuffs
15%
Fahrenheit 1/15, Part III: A Rhyming Ape Happy Industries
15%
Fahrenheit 1/15, Part 1: The Truth Is Among Us Hater Hop
15%
Food & Liquor II: The Great American Rap Album Pt. 1 Heart Donor
15%
Fahrenheit 1/15, Part III: A Rhyming Ape Heat Under the Baby Seat
15%
DROGAS Wave Helter Skelter (Interlude)
15%
Food & Liquor II: The Great American Rap Album Pt. 1 Hood Now (Outro)
15%
Enemy of the State: A Love Story HP Skit
15%
Fahrenheit 1/15, Part III: A Rhyming Ape I Don't Feel So Good
15%
Fahrenheit 1/15, Part II: Revenge of the Nerds I'm Coming (Freestyle)
15%
Fahrenheit 1/15, Part 1: The Truth Is Among Us Knockin' at the Door
15%
Fahrenheit 1/15, Part III: A Rhyming Ape Lupe the Gorilla
15%
DROGAS Light Made in the USA
15%
Fahrenheit 1/15, Part III: A Rhyming Ape Make Sure U Getta Shirt!!!
15%
Fahrenheit 1/15, Part II: Revenge of the Nerds Mean & Vicious
15%
DROGAS Light NGL
15%
Pharaoh Height 2/30 Of
15%
Fahrenheit 1/15, Part 1: The Truth Is Among Us Ooh
15%
DROGAS Light Promise
15%
Lost in the Atlantic Pu$$y
15%
Pharaoh Height 2/30 Pyramid
15%
Fahrenheit 1/15, Part 1: The Truth Is Among Us Radio Broadcast Interlude
15%
Fahrenheit 1/15, Part II: Revenge of the Nerds Revenge Begins (Intro)
15%
Pharaoh Height 2/30 Schemes
15%
Fahrenheit 1/15, Part 1: The Truth Is Among Us Shayla G Up
15%
Fahrenheit 1/15, Part 1: The Truth Is Among Us Slow Down
15%
Food & Liquor II: The Great American Rap Album Pt. 1 Strange Fruition
15%
Enemy of the State: A Love Story Thank You
15%
Fahrenheit 1/15, Part 1: The Truth Is Among Us The Champ Is Here (Freestyle)
15%
Enemy of the State: A Love Story The National Anthem
15%
Fahrenheit 1/15, Part 1: The Truth Is Among Us The Pen and the Needlz
15%
Fahrenheit 1/15, Part 1: The Truth Is Among Us The Run Down
15%
Enemy of the State: A Love Story Turnt Up
15%
Fahrenheit 1/15, Part 1: The Truth Is Among Us Twilight Zone
15%
Pharaoh Height 2/30 Valleys
15%
Fahrenheit 1/15, Part 1: The Truth Is Among Us Welcome Back Chilly
15%
Fahrenheit 1/15, Part 1: The Truth Is Among Us WGCI Freestyle
15%
DROGAS Light Wild Child
15%
Fahrenheit 1/15, Part II: Revenge of the Nerds Your Attention Please (Interlude)
15%
TAPE TAPE Apologetic
12%
Food & Liquor II: The Great American Rap Album Pt. 1 Ayesha (Intro)
12%
DROGAS Wave Baba Kwesi (Interlude)
12%
Food & Liquor II: The Great American Rap Album Pt. 1 Brave Heart
12%
Lasers Break the Chain
12%
DROGAS Light City of the Year
12%
Single #6 Coulda Been
12%
Fahrenheit 1/15, Part III: A Rhyming Ape Credits Rollin' on 24s
12%
Food & Liquor II: The Great American Rap Album Pt. 1 Form Follows Function
12%
Friend of the People: I Fight Evil Friend of the People
12%
DROGAS Light High (Interlude)
12%
Food & Liquor II: The Great American Rap Album Pt. 1 How Dare You
12%
DROGAS Wave In the Event of Typhoon
12%
Friend of the People: I Fight Evil Introduction
12%
DROGAS Light It's Not Design
12%
Friend of the People: I Fight Evil Joaquin Phoenix
12%
DROGAS Light Law
12%
Friend of the People: I Fight Evil Life Death and Love from San Francisco
12%
Friend of the People: I Fight Evil Lightwork
12%
Friend of the People: I Fight Evil Lupe Back
12%
Single #2 Mission
12%
DROGAS Light More Than My Heart
12%
Fahrenheit 1/15, Part 1: The Truth Is Among Us Muhammad Walks
12%
TAPE TAPE Oh Yes
12%
DROGAS Light Pick Up the Phone
12%
Food & Liquor II: The Great American Rap Album Pt. 1 Put 'Em Up
12%
Single #4 Remission
12%
Friend of the People: I Fight Evil SNDCLSH in Vegas
12%
Friend of the People: I Fight Evil Super Cold
12%
Friend of the People: I Fight Evil The End of the World
12%
Food & Liquor II: The Great American Rap Album Pt. 1 Unforgivable Youth
12%
Friend of the People: I Fight Evil WWJD He'd Probably LOL Like WTF!!!
12%
Lupe Fiasco's The Cool Blackout
8%
Single #5 Countdown
8%
Enemy of the State: A Love Story Fireman
8%
Enemy of the State: A Love Story Lazers
8%
Lost in the Atlantic Lilies
8%
Lost in the Atlantic Mazinger
8%
HOUSE SLEDOM
8%
Enemy of the State: A Love Story Rockin wit the Best
4%
Enemy of the State: A Love Story That Funny Feeling
4%
No matching quizzes found
Score Distribution
Percent of People with Each Score
Percentile by Number Answered
Your Score History
You have not taken this quiz since the last reset